000 00557nam a22001937a 4500
999 _c6819
_d6819
003 OSt
005 20210317121643.0
008 210317b ||||| |||| 00| 0 eng d
020 _a9789970o29681
040 _aMUST
_cMUST
050 _a658.3
_bWIE
082 _a658.3 WIE 2009
100 _aWiegratz.
_913976
245 _aUganda's Human Resource Challenge
_bTraining, Business Culture and Economic Development
_cJorg Wiegratz
300 _axxii, p410
_bill:,
_c25cm
500 _aIncludes Appendices and Index
650 _2Economics
942 _2ddc
_cSLOAN